[Event "Paraibano-ch sf"]
[Site "Joao Pessoa"]
[Date "2016.10.15"]
[Round "2.4"]
[White "Felix, Thiago Ribeiro"]
[Black "Da Silva Nascimento, Gutemberg Jr"]
[Result "0-1"]
[WhiteElo "1954"]
[BlackElo "1635"]
[PlyCount "98"]
[EventDate "2016.10.14"]
[EventType "swiss"]
[EventRounds "5"]
[EventCountry "BRA"]
[SourceTitle "EXT 2022"]
[Source "ChessBase"]
[SourceDate "2021.10.06"]
[SourceVersion "1"]
[SourceVersionDate "2021.10.06"]
[SourceQuality "1"]

1. e4 e5 2. Nf3 Nc6 3. Bb5 Nf6 4. 0-0 d6 5. d4 a6 6. Ba4 b5 7. Bb3 exd4 8. Nxd4 Nxd4 9. Qxd4 c5 10. Qe3 c4 11. e5 dxe5 12. Qxe5+ Be6 13. Bg5 Qd5 14. Bxf6 gxf6 15. Qxf6 Rg8 16. f3 Bg7 17. Qh4 Bxb2 18. Nc3 Qc5+ 19. Kh1 Bxa1 20. Ne4 Qe7 21. Qf4 Bh8 22. Nd6+ Kf8 23. g4 cxb3 24. cxb3 Rd8 25. Ne4 Rd4 26. Rc1 Bxg4 27. Qb8+ Qe8 28. Qxe8+ Kxe8 29. fxg4 Rxe4 30. Rc8+ Ke7 31. Rxg8 Bc3 32. Rc8 Be5 33. Rc6 Re1+ 34. Kg2 Re2+ 35. Kf3 Rxa2 36. h4 Ra3 37. Ke4 Bd6 38. Kd5 Rxb3 39. Rxa6 Rd3+ 40. Ke4 Ra3 41. Rb6 b4 42. Kd5 Ra5+ 43. Kc4 Rc5+ 44. Kd4 Rc1 45. Kd5 Rd1+ 46. Kc4 Ke6 47. Rb5 Be5 48. Rb6+ Rd6 49. Rb7 Rd4+ 0-1

[Event "Paraibano-ch sf"]
[Site "Joao Pessoa"]
[Date "2016.10.14"]
[Round "1.4"]
[White "Da Silva Nascimento, Gutemberg Jr"]
[Black "Lage, Renan Ribeiro"]
[Result "1-0"]
[WhiteElo "1635"]
[BlackElo "1974"]
[PlyCount "79"]
[EventDate "2016.10.14"]
[EventType "swiss"]
[EventRounds "5"]
[EventCountry "BRA"]
[SourceTitle "EXT 2022"]
[Source "ChessBase"]
[SourceDate "2021.10.06"]
[SourceVersion "1"]
[SourceVersionDate "2021.10.06"]
[SourceQuality "1"]

1. e4 c5 2. Nc3 Nc6 3. g3 g6 4. Bg2 Bg7 5. d3 e6 6. f4 Nge7 7. Nf3 0-0 8. 0-0 Nd4 9. Be3 d6 10. Qd2 Rb8 11. Rab1 b5 12. a3 Qc7 13. Ne2 Nxe2+ 14. Qxe2 Bd7 15. Qd2 Rfc8 16. c3 Bc6 17. e5 Nf5 18. Rbe1 Nxe3 19. Qxe3 dxe5 20. fxe5 Be8 21. Rc1 Qe7 22. Nd2 Rd8 23. d4 cxd4 24. cxd4 f5 25. Nb3 b4 26. Nc5 bxa3 27. bxa3 Bf8 28. Rc3 Rb6 29. Rfc1 Qf7 30. a4 Rb4 31. Rc4 Bxc5 32. dxc5 Rxc4 33. Rxc4 Qc7 34. Bf3 Bc6 35. Bxc6 Qxc6 36. Rd4 Rc8 37. Rc4 Rd8 38. Rc1 Rd5 39. Qb3 Rxc5 40. Qb8+ 1-0

[Event "Joao Pessoa Fischer Memorial 7th"]
[Site "Joao Pessoa"]
[Date "2016.03.13"]
[Round "5"]
[White "Da Silva Nascimento, Gutemberg Jr"]
[Black "Cantarino Neto, Mario Ribeiro"]
[Result "0-1"]
[WhiteElo "1577"]
[BlackElo "2043"]
[PlyCount "102"]
[EventDate "2016.03.11"]
[EventType "swiss"]
[EventRounds "6"]
[EventCountry "BRA"]
[SourceTitle "CBM 171 Extra"]
[Source "ChessBase"]
[SourceDate "2016.04.26"]
[SourceVersion "1"]
[SourceVersionDate "2016.04.26"]
[SourceQuality "1"]

1. e4 e5 2. Nf3 Nc6 3. Bb5 a6 4. Ba4 Nf6 5. 0-0 Be7 6. Re1 b5 7. Bb3 d6 8. h3 Na5 9. Nc3 Nxb3 10. axb3 Bb7 11. d3 0-0 12. Be3 Re8 13. Nh2 d5 14. exd5 Nxd5 15. Nxd5 Qxd5 16. Qf3 Qxf3 17. Nxf3 Bd6 18. Nd2 f5 19. f3 Rad8 20. Rad1 h6 21. Nf1 Kf7 22. Bf2 g5 23. Ng3 Kg6 24. Re2 h5 25. Rde1 h4 26. Nf1 Re7 27. Rd1 Rde8 28. Nd2 Re6 29. c4 Bb4 30. Be1 Rd8 31. Nb1 Bxe1 32. Rexe1 Kf6 33. Kf2 b4 34. Rf1 c5 35. Ke3 Red6 36. Rd2 Kg6 37. Rfd1 Rd4 38. Rf2 e4 39. fxe4 fxe4 40. Rfd2 exd3 41. Rxd3 Rxd3+ 42. Rxd3 Rxd3+ 43. Kxd3 Bxg2 44. Ke3 Bxh3 45. Nd2 Bg2 46. Kf2 h3 47. Kg3 Kf5 48. Kh2 Kf4 49. Nb1 g4 50. Nd2 Ke3 51. Nb1 Kf2 0-1

[Event "Joao Pessoa Fischer Memorial 7th"]
[Site "Joao Pessoa"]
[Date "2016.03.11"]
[Round "2"]
[White "Xavier, Lucca Lucas"]
[Black "Da Silva Nascimento, Gutemberg Jr"]
[Result "1-0"]
[WhiteElo "2016"]
[BlackElo "1577"]
[PlyCount "123"]
[EventDate "2016.03.11"]
[EventType "swiss"]
[EventRounds "6"]
[EventCountry "BRA"]
[SourceTitle "CBM 171 Extra"]
[Source "ChessBase"]
[SourceDate "2016.04.26"]
[SourceVersion "1"]
[SourceVersionDate "2016.04.26"]
[SourceQuality "1"]

1. e4 e5 2. Nf3 Nc6 3. Bb5 Nf6 4. 0-0 d6 5. d4 Bd7 6. d5 Ne7 7. Bxd7+ Qxd7 8. Re1 Ng6 9. c4 Be7 10. Nc3 a6 11. Qb3 b6 12. h3 0-0 13. Be3 Rfb8 14. Qc2 h6 15. b4 Rb7 16. Na4 Nxe4 17. Bxb6 cxb6 18. Rxe4 Rc8 19. Nb2 Qf5 20. Re2 Qxc2 21. Rxc2 Rbc7 22. g3 f5 23. a4 Bf6 24. Rd1 f4 25. Nd2 fxg3 26. fxg3 Nf8 27. Ne4 Be7 28. a5 Nd7 29. axb6 Nxb6 30. c5 Rd7 31. c6 Rdc7 32. Rc3 Rb8 33. Ra3 Nc8 34. Nd3 Nb6 35. Nb2 Ra7 36. Kf2 Nc8 37. Nd3 Nb6 38. Ra5 Nc4 39. Ra2 Nb6 40. Nc3 Nc8 41. Rda1 Rba8 42. Na4 Bf6 43. Re1 Bd8 44. Ke3 Rb8 45. Nc3 g6 46. Rea1 Rba8 47. Nb2 Kg7 48. Nc4 Bc7 49. Ne4 Ne7 50. Nc3 Nc8 51. Kd3 Bd8 52. Ne4 Bc7 53. Kc3 Nb6 54. Nxb6 Bxb6 55. Rf1 Bc7 56. Raf2 Bb6 57. Rf6 a5 58. b5 a4 59. Kb2 Rb8 60. Nxd6 e4 61. Re6 Bc5 62. Ne8+ 1-0

[Event "Natal Potiguar op 10th"]
[Site "Natal"]
[Date "2015.07.05"]
[Round "5"]
[White "Ferreira, Alexander da Silva"]
[Black "Da Silva Nascimento, Gutemberg Jr"]
[Result "1-0"]
[WhiteElo "1612"]
[BlackElo "1800"]
[PlyCount "53"]
[EventDate "2015.07.03"]
[EventType "swiss"]
[EventRounds "6"]
[EventCountry "BRA"]
[SourceTitle "CBM 167 Extra"]
[Source "ChessBase"]
[SourceDate "2015.09.14"]
[SourceVersion "1"]
[SourceVersionDate "2015.09.14"]
[SourceQuality "1"]

1. e4 e5 2. Nf3 Nc6 3. Bc4 Be7 4. Nc3 Nf6 5. d3 h6 6. a3 0-0 7. h3 a6 8. Be3 d6 9. Qd2 Kh7 10. Nd5 b5 11. Nxe7 Nxe7 12. Ba2 Ng6 13. g4 Be6 14. g5 Nh5 15. gxh6 Ngf4 16. Bxf4 exf4 17. Bxe6 fxe6 18. hxg7 Kxg7 19. 0-0-0 Kf7 20. Rdg1 e5 21. Rg5 Rh8 22. Rf5+ Ke7 23. Qd1 Kd7 24. Ng5 Kc6 25. Nf7 Qd7 26. Nxh8 Rxh8 27. Rxh5 1-0

[Event "Natal Potiguar op 10th"]
[Site "Natal"]
[Date "2015.07.04"]
[Round "4"]
[White "Da Silva Nascimento, Gutemberg Jr"]
[Black "De Lima, Claudionor Henrique"]
[Result "1-0"]
[WhiteElo "1800"]
[BlackElo "1557"]
[PlyCount "83"]
[EventDate "2015.07.03"]
[EventType "swiss"]
[EventRounds "6"]
[EventCountry "BRA"]
[SourceTitle "CBM 167 Extra"]
[Source "ChessBase"]
[SourceDate "2015.09.14"]
[SourceVersion "1"]
[SourceVersionDate "2015.09.14"]
[SourceQuality "1"]

1. e4 e5 2. Nf3 Nc6 3. Bb5 a6 4. Ba4 b5 5. Bb3 Bc5 6. a3 Bb7 7. d3 h6 8. 0-0 Qf6 9. Nc3 Nge7 10. Be3 Nd4 11. Bxd4 Bxd4 12. Rb1 Bb6 13. Nd5 Nxd5 14. exd5 0-0-0 15. Qd2 h5 16. Rfe1 d6 17. c3 h4 18. Qg5 Rdg8 19. h3 c6 20. c4 Rh6 21. Qxf6 gxf6 22. Re4 Rgh8 23. Rg4 R6h7 24. d4 f5 25. Rg5 e4 26. Nd2 Rh5 27. Rg7 Rf8 28. cxb5 axb5 29. dxc6 Bxc6 30. Bxf7 Bxd4 31. Bxh5 Bxg7 32. b3 Bd4 33. Rd1 e3 34. fxe3 Bxe3+ 35. Kf1 f4 36. Nf3 Bxf3 37. Bxf3 Kc7 38. Rd5 Ra8 39. Rxb5 Rxa3 40. Rb7+ Kd8 41. Bd5 Ra2 42. Bf3 1-0